[Event "Dubai op"]
[Site "Dubai"]
[Date "2001.04.23"]
[Round "8"]
[White "Galkin, Alexander"]
[Black "Anastasian, Ashot"]
[Result "1/2-1/2"]
[WhiteElo "2556"]
[BlackElo "2574"]
[Annotator "Finkel,A"]
[PlyCount "65"]
[EventDate "2001.04.15"]
[EventType "swiss"]
[EventRounds "9"]
[EventCountry "UAE"]
[SourceTitle "CBM 083"]
[Source "ChessBase"]
[SourceDate "2001.07.05"]
[SourceVersion "1"]
[SourceVersionDate "2001.07.05"]
[SourceQuality "1"]

1. e4 {Bangiev.} e6 2. d4 d5 3. Nc3 Nf6 4. Bg5 Bb4 5. exd5 Qxd5 6. Bxf6 Bxc3+
7. bxc3 gxf6 8. Qd2 {'!?' Bangiev. Bangiev: 'Dies ist besser als die übliche
Fortsetzung 8.Nf3, es lässt sich z.B. Ne2-f4 bzw. Be2-f3 spielen. Nf3 ist
immer möglich.'} Nd7 $5 {In this variation black usually develops the knight
to c6,but the move in the game also has the right to exist.} (8... Nc6 9. Nf3
e5 10. Be2 Bg4 11. h3 Bh5 12. c4 Qa5 13. c3 O-O-O $13 {Groberman,E-Richards,H/
World Youth gu16 1998}) (8... Qa5 9. g3 (9. Ne2 Bd7 10. h4 Bc6 11. c4 Qxd2+ 12.
Kxd2 Nd7 13. Rh3 O-O-O $15 {Bojkovic,N-Grabuzova,T/Dresden-W 1994}) 9... Bd7
10. Bg2 Bc6 11. Nf3 Nd7 12. O-O O-O-O 13. Rfb1 (13. Rfd1 Nb6 14. Qh6 Qxc3 15.
Qxf6 Rhf8 16. Ne1 Bxg2 17. Kxg2 Nd5 18. Qf3 Rd6 $15 {Van der Wiel,J-Glek,I/
BL2-West9900 2000}) 13... Nb6 14. a4 Qh5 15. Ne1 Rd6 16. Qd3 Qg6 17. Qf1 e5 18.
a5 Nd5 19. Rb3 $14 {Lanka,Z-Ellers,H/Bundesliga 9900 2000}) (8... c5 9. Ne2 (9.
Nf3 Rg8 10. Qe3 cxd4 11. cxd4 Nc6 12. c3 Bd7 13. Bd3 Qa5 14. O-O $14 {
Kovalevskaya,E-Zaitseva,L/Women's Champions 1998}) 9... cxd4 10. cxd4 Nc6 11.
Qf4 Ke7 12. c3 Qa5 13. g3 Rd8 14. Qe3 e5 $15 {Smirin,I-Vaisser,A/Tel Aviv 1992}
) (8... b6 {Bangiev} 9. Be2 Nc6 10. Bf3 Qd6 11. Qh6 Ke7 12. Ne2 Ba6 13. O-O
Bxe2 14. Bxe2 Rag8 15. f4 Qa3 16. Rf3 Qb2 17. Re1 Qxc2 18. f5 e5 19. Rf2 Rg5
20. dxe5 Nxe5 21. Bc4 Qxc3 22. Rxe5+ Qxe5 23. Re2 $16 {1-0 Galkin,A-Brynell,S/
Stockholm 2000/(27)}) 9. Ne2 (9. Nf3 b6 10. Be2 Bb7 11. c4 Qe4 12. c3 Rg8 $13)
9... b6 10. Nf4 Qd6 (10... Qa5 {Bangiev: Öfter wird hier die Dame auf a5
postiert.}) 11. a4 $6 {White loses two tempi to get rid of an a-pawn,which
seems quiet dangerous without development of the kingside. '!' Bangiev.} (11.
g3 Bb7 12. Bg2 Bxg2 13. Nxg2 f5 14. O-O Nf6 $11) (11. Bd3 {Bangiev} Bb7 $36)
11... Bb7 (11... a5 {Bangiev} 12. Bb5) 12. a5 {'!' Bangiev.} Rg8 13. f3 (13.
axb6 {Bangiev} cxb6 14. Ba6 (14. Rg1 {Bangiev} e5 15. Ne2 a5 $15) 14... Bxa6
15. Rxa6 Nb8 16. Ra1 a5) 13... e5 {'!' Bangiev. Bangiev: 'Schwarz verfolgt
damit das Ziel, die e-Linie zu öffnen.'} 14. Nh5 {'!' Bangiev. Bangiev: 'Der
Springer auf g3 soll den schwachen Punkt g2 schützen und das wichtige Feld e4
kontrollieren.'} Rg5 $6 {[%cal Gg5a5]} (14... c5 $5 15. Ng3 $1 cxd4 16. cxd4
Qxd4 (16... exd4 17. Bd3 Qe7+ 18. Kf2 Qe3+ 19. Qxe3+ dxe3+ 20. Kxe3 $14) 17.
Qxd4 exd4 18. Nf5 Nc5 $11) (14... O-O-O {Bangiev} 15. Ng3) 15. Ng3 exd4 {
'?!' Bangiev.} (15... c5 $5 {Bangiev}) 16. cxd4 Rxa5 17. Rxa5 bxa5 {Bangiev:
'Um den Bauern auf a5 zu gewinnen, musste Schwarz seine Bauernformation
beachtlich schwächen.'} 18. c3 $14 (18. Be2 O-O-O (18... c5 19. Nf5 $36) 19.
O-O c5 20. c3 Nb6 21. Nf5 Qe6 22. Bd3 $14) 18... O-O-O 19. Bd3 Nc5 {Bangiev:
'Anstatt der offensichtlichen Züge 19...Re8 oder 19...h5 opfert Schwarz den
Bauern auf h7. Damit strebt er danach, die Initiative am Damenflügel zu
ergreifen.'} (19... h5 {Bangiev} 20. Nxh5 Rh8 21. Nf4 $16) (19... Re8+ {Bangiev
} 20. Kf2) 20. O-O (20. Bf5+ Ne6 21. O-O c5 22. Rd1 Kb8 $132) (20. Bxh7 {
Bangiev} Re8+ (20... Rh8 {Bangiev} 21. Bf5+ Ne6 22. Kf2 $16) 21. Kf2 Nb3 22.
Qh6 (22. Qd3 {Bangiev} a4) 22... a4 $132) 20... Nxd3 21. Qxd3 a4 22. Ra1 $5 (
22. Qxh7 $5 Qe6 (22... c5 23. Qf5+ Kb8 24. dxc5 Qe5 25. Ra1 Qxc3 26. Qf4+ $16 {
[%cal Gf4a4]}) 23. Qc2 Qb3 24. Qf5+ Qe6 25. Ra1 $16) 22... c5 23. Rxa4 Qb6 24.
Ne4 $1 (24. Rc4 $6 Kb8) (24. Qf5+ $5 Kb8 25. dxc5 Qb2 (25... Rd1+ 26. Kf2 Qb2+
27. Ne2 $18) 26. Qf4+ Ka8 27. Rd4 $16) (24. Qxh7 {Bangiev} cxd4 (24... Kb8 {
Bangiev} 25. Qf5) (24... Bc6 $6 {Bangiev} 25. Rc4) 25. Qf5+ Kb8 26. Qf4+ Ka8
27. cxd4 Qb1+ 28. Nf1 Rc8 $132 {/\Rc1}) 24... cxd4 $6 (24... Kb8) 25. cxd4 Kb8
26. Qc3 (26. Nc5 $4 Qxc5 $19 {[%cal Gd8d3]}) 26... Ka8 27. Nc5 $16 Bd5 28. h3 {
'?!' Bangiev.} (28. Nd7 $6 Qc6 (28... Qb5 $1 {Bangiev}) 29. Nc5 (29. Rxa7+ $2
Kxa7 30. Qa5+ Kb7 31. Qxd8 Qc1+ $11 {[%cal Gc1g5,Gc1d2]}) 29... Qb6) (28. Ra6
$5 Qb1+ 29. Kf2 Qb8 30. Qa5 Qb2+ $11) (28. Ra1 $142 {Bangiev}) 28... Qc7 29.
Rb4 Qg3 30. Na6 Bb7 31. Nc7+ (31. Qc7 {Bangiev} Qxc7 32. Nxc7+ Kb8 33. Na6+ Ka8
34. Nc5 Bd5 $132) 31... Kb8 32. Na6+ Ka8 33. Nc7+ 1/2-1/2

[Event "RUS-Cup9"]
[Site "Novgorod"]
[Date "1997.??.??"]
[Round "3"]
[White "Galkin, Alexander"]
[Black "Morozevich, Alexander"]
[Result "1-0"]
[WhiteElo "2510"]
[BlackElo "2595"]
[Annotator "Finkel,A"]
[PlyCount "81"]
[EventDate "1997.06.11"]
[EventType "swiss"]
[EventRounds "9"]
[EventCountry "RUS"]
[SourceTitle "CBM 060"]
[Source "ChessBase"]
[SourceDate "1997.09.29"]
[SourceVersion "1"]
[SourceVersionDate "1997.09.29"]
[SourceQuality "1"]

1. e4 e6 2. d4 d5 3. Nc3 Nf6 4. Bg5 Bb4 5. e5 h6 6. Bd2 Bxc3 7. Bxc3 Ne4 8. Ne2
O-O (8... c5 $5 9. dxc5 (9. g3 Nc6 10. Bg2 Nxc3 11. bxc3 O-O 12. O-O Na5 13.
Nf4 b6 14. h4 Qc7 $132 {Zembaty M-Przybylka Damian/It (open), Bytom (Poland)
1995 (38)}) 9... Nd7 (9... Nc6 $6 10. Bd4 $1 Qa5+ 11. c3 Nxd4 12. Nxd4 Qxc5 13.
Bb5+ Bd7 14. Bxd7+ Kxd7 15. f3 Ng5 16. h4 $14 {Ciocaltea,V-Pegorar/Val Thorens
1981 (32)}) (9... Nxc5 10. Nd4 (10. Qd4 $5 Ne4 11. Ng3 Nc6 12. Bb5 Bd7 13. Bxc6
Bxc6 14. Nxe4 dxe4 15. O-O-O $14) 10... a6 11. Bd3 (11. Bb4 $5) 11... Nc6 12.
Nxc6 bxc6 13. O-O a5 $11 {Polch,A-Nussbaum,S/RL-chJ U20 Mendig 1994 (15)}) (
9... Nxc3 10. Nxc3 Qa5 11. Qd2 (11. Qd4 $5 O-O 12. Bb5 Bd7 13. b4 Qa3 14. Bxd7
Nxd7 15. Nb5 Qa4 16. Nd6 b6 $44) 11... Qxc5 12. f4 O-O 13. O-O-O Nc6 14. h4 a6
15. Kb1 b5 16. Ne2 b4 17. Rh3 $36 {Berzinsh,R-Achoundov,R/WchJM-U18 Duisburg
1992 (29)}) 10. Bd4 Nexc5 11. Ng3 b6 $2 (11... O-O 12. c4 (12. Qg4 $6 Qc7 $1
13. f4 Qa5+ 14. Bc3 Qa4 $1 15. Bd3 Nxd3+ 16. cxd3 d4 $15) 12... Qc7 13. f4 f6
14. cxd5 fxe5 15. fxe5 exd5 $132) 12. b4 $1 Ne4 13. Nxe4 dxe4 14. Qg4 $16 {
Schmittdiel,E-Gruen,S/Triberg 1991 (16)}) 9. Bb4 (9. Qd3 $5 f6 10. f3 Nxc3 11.
Qxc3 fxe5 12. dxe5 Nc6 13. f4 Qe7 14. O-O-O $36 {Kogan,A-Kaminik,A/ISR-chT 
(Elizur-Apoel) 1996 (34)}) (9. f3 $6 Nxc3 10. Nxc3 c5 11. dxc5 Qh4+ 12. g3 Qb4
13. Qd3 Nc6 14. Qb5 Qd4 $6 (14... Qxb5 15. Nxb5 Nxe5 16. Nd4 Ng6 $15) 15. f4
Nb4 16. Qe2 Qxc5 17. O-O-O $14 {Koch,J-Murrey,J/Paris-ch 1989 (36)}) 9... c5
10. Ba3 cxd4 $6 {Quiet strange dicision.With accurate play white can easily
neutralize black's initiative and remain with exchange up.} (10... Qa5+ $5 11.
c3 b6 12. f3 Ng5 13. Ng3 Nc6 14. dxc5 bxc5 15. f4 Nh7 16. Bd3 $14 {Goldberg,
A-Neuberger,G/BL2-SW 1991 (36)}) 11. Bxf8 Qxf8 12. f3 d3 (12... Qb4+ $5 13. c3
dxc3 14. bxc3 Nxc3 15. Qd2 d4 16. Qxd4 (16. Nxd4 Nd7 17. f4 Nc5 18. a3 Qa5 $44)
16... Nxa2+ 17. Qd2 Qxd2+ 18. Kxd2 Nb4 19. Nd4 N8c6 20. Nxc6 Nxc6 21. f4 $14)
13. fxe4 $1 (13. Qxd3 Qb4+ 14. c3 Qxb2 15. Rb1 Nc5 $1 $36) 13... dxe2 14. Qxe2
$1 Nc6 (14... Qb4+ 15. c3 Qxe4 16. Qxe4 dxe4 17. Kf2 Nd7 18. Re1 $16) 15. exd5
exd5 16. O-O-O $16 {Black's expirement in the opening proved to be disasterous.
White has significient material advantage and practicaly wining position.} Be6
17. Qb5 $6 (17. Kb1 $5) 17... Qe7 18. Bd3 Nxe5 19. Kb1 Rc8 20. Rhe1 Qc7 21. h3
{Even after giving away a pawn on e5 white still keeps a big advantage.The
main problem of black is absence of active counteplay.} a6 22. Qa4 Nc6 $6 (
22... Nxd3 $5 23. cxd3 (23. Rxd3 b5 24. Qb3 d4 25. Rxe6 fxe6 26. Qxe6+ Kh8 27.
Qe2 $14) 23... Qg3 24. Re2 Qg6 25. Qd4 $14) 23. g4 b5 $2 24. Qxa6 b4 25. Qa4
Qb7 26. Bf5 $1 $18 {The rest is a matter of technique.} Bxf5 27. gxf5 d4 28. f6
g6 29. Qb3 Qd7 30. Qf3 Kh7 31. Re2 Qd6 32. Rde1 Qc5 33. Qb3 Qf8 34. Qd5 $1 d3
35. cxd3 b3 36. a3 h5 37. Rc1 Na7 38. Rxc8 Nxc8 39. Qxb3 Nd6 40. Qd5 Nf5 41.
Qd7 1-0

[Event "Czerniak Memorial 14th"]
[Site "Tel Aviv"]
[Date "1998.04.12"]
[Round "4"]
[White "Polgar, Sofia"]
[Black "Zifroni, Dov"]
[Result "1/2-1/2"]
[WhiteElo "2485"]
[BlackElo "2500"]
[Annotator "Finkel,A"]
[PlyCount "69"]
[EventDate "1998.04.09"]
[EventType "tourn"]
[EventRounds "9"]
[EventCountry "ISR"]
[EventCategory "9"]
[SourceTitle "CBM 065"]
[Source "ChessBase"]
[SourceDate "1998.08.06"]
[SourceVersion "1"]
[SourceVersionDate "1998.08.06"]
[SourceQuality "1"]

{[%mdl 2144]} 1. e4 e6 2. d4 d5 3. Nc3 Nf6 4. Bg5 Bb4 5. e5 h6 6. Bd2 Bxc3 7.
bxc3 Ne4 8. Qg4 g6 9. Bd3 Nxd2 10. Kxd2 c5 11. Nf3 Nc6 12. Bb5 $5 (12. Rab1 c4
(12... cxd4 $5 13. cxd4 Na5 14. Qf4 Bd7 15. h4 Rc8 16. h5 g5 17. Qf6 Qxf6 18.
exf6 $14 {Spassky,B-Panno,O/Amsterdam ct 1956 (35)}) 13. Be2 b6 14. Qf4 Bd7 15.
h4 Qe7 16. h5 g5 17. Qf6 O-O-O $13 {Spraggett,K-Ree,H/Wijk 1985/0-1 (57)}) (12.
Rhe1 $6 Qa5 $5 13. Qf4 cxd4 14. Nxd4 Nxd4 15. Qxd4 b6 16. a4 Ba6 $15 {
Sokolowski,S-Yoccoz,J/Paris-ch 1988/0-1 (50)}) (12. dxc5 $6 Qa5 (12... Bd7 13.
Qf4 g5 14. Qe3 Qc7 15. Rab1 Rc8 16. g4 Na5 17. h4 $14 {Nezhmetdinov,R-Bonch
Osmolovsky,M/URS-ch sf 1957 (42)}) 13. Qf4 Qxc5 14. Nd4 Nxd4 (14... Bd7 15. Qf6
O-O 16. Nxc6 Qxc6 17. Rab1 $14 {Smyslov,V-Bondarevsky,I/URS-ch12 1940/1/2-1/2 
(73)}) (14... a6 15. Rab1 Nd8 16. h4 Bd7 17. h5 gxh5 18. Qf6 Rg8 19. g3 $14 {
Yudovich,M-Chistiakov,A/URS-ch11 1939/0-1 (71)}) 15. cxd4 Qa5+ 16. Ke3 b6 17.
h4 (17. Kf3 Ba6 18. g3 Rc8 19. Kg2 Qa3 $132 {0-1 Lanc,A-Likavsky,T/SVK-chT
1994 (50)}) 17... Ba6 18. a4 Rc8 19. Ra3 Qb4 20. Rha1 Bxd3 21. cxd3 Rc2 $17 {
Lanc,A-Glek,I/Stare Mesto 1992 (30)}) 12... cxd4 (12... Bd7 $6 13. Bxc6 Bxc6
14. dxc5 Qe7 15. Qd4 Rc8 16. Rab1 Rc7 17. Ne1 O-O 18. h4 $36 {Mertanen,
J-Jauhiainen,K/Kaleva op 1988/1-0 (51)}) 13. Nxd4 O-O $1 $36 (13... Bd7 14.
Bxc6 Bxc6 (14... bxc6 $6 15. Nb3 Qb6 16. Qd4 Qd8 17. f4 O-O 18. h4 $16 {
Hellstrom,M-Van der Wal,A/SWE-ch op 1992 (27)}) 15. h4 Qc7 (15... Bd7 16. Qf4
Rc8 17. Rh3 Qe7 18. Rf3 Rc4 $132 {Polgar,S-Sarmiento,B/Las Palmas-B 1994 (48)})
16. Qf4 O-O-O 17. Rh3 h5 18. Rf3 Rd7 19. Ke1 Kb8 20. Kf1 Rc8 $13 {Stefansson,
H-Savchenko,S/EUCup f 1994 (41)}) 14. Bxc6 {Typical exchange for this kind of
positions.} (14. Nxc6 $6 bxc6 15. Bxc6 Rb8 16. Ba4 d4 $1 $36 17. Qxd4 $2 Rb4 $3
$19) 14... bxc6 15. Nb3 Ba6 (15... Qg5+ $6 16. Qxg5 hxg5 17. Nc5 f6 18. exf6
Rxf6 19. f3 $14) 16. h4 Bc4 17. h5 g5 $15 {Black is definitly the one who
controls the situation on the board.Invalid pawn structure,insecure position
of the king,lack of coordination between the major pieces-all this make
white's chanses inferior in forthcoming struggle.} 18. Nc5 Rb8 19. Rab1 $6 Qe7
20. Qd4 Bxa2 $17 {Now black also has the material advantage!} 21. Rb4 Bc4 22.
Ra1 Rb5 ({Deserved attention} 22... Rxb4 $5 23. cxb4 f6 24. Re1 (24. f3 $5)
24... fxe5 25. Rxe5 Rf4 26. Qe3 Qf6 27. f3 d4 $19) 23. Rxb5 cxb5 $6 {Giving
white an opportunity to create counterplay.} (23... Bxb5 $142 $5) 24. Ra6 $1 {
Grabbing the chanse!} Rd8 (24... Rc8 $5 25. Rd6 $1 Rd8 $1 (25... a5 $6 26. Nd7
Kg7 27. Nf6 Rd8 28. f4 $1 $13) 26. Ne4 $1 Kg7 27. Rxd8 Qxd8 28. Nd6 Qd7 29. f4
$17) 25. Nd3 b4 $6 (25... Bxd3 $2 26. Rxa7) (25... Rd7 $5 26. Nb4 Rb7 $1 27.
Nc6 Qc7 28. Nb4 $5 (28. Nxa7 b4 $1 29. Rc6 Qd7 $17) 28... Rb6 29. Ra1 $15) 26.
Qxa7 $2 (26. Rxa7 bxc3+ 27. Kxc3 Qf8 28. Qc5 Qxc5 29. Nxc5 $11) 26... bxc3+ 27.
Kxc3 Qf8 28. Rc6 Bxd3 29. cxd3 Ra8 30. Qb6 Ra2 $2 (30... Qa3+ 31. Kd2 Qa1 $1
$19 {[%csl Rd2,Re5][%cal Ga8a2,Ga1f1]}) 31. Rd6 {It was still possible to
fight for win with} Qc8+ (31... Kg7 $5 $36) 32. Rc6 Qf8 33. Rd6 Qc8+ 34. Rc6
Qf8 35. Rd6 1/2-1/2

[Event "Bundesliga 0001"]
[Site "Germany"]
[Date "2001.03.10"]
[Round "10.4"]
[White "Borriss, Martin"]
[Black "Huebner, Robert"]
[Result "0-1"]
[WhiteElo "2439"]
[BlackElo "2615"]
[Annotator "Finkel,A"]
[PlyCount "74"]
[EventDate "2000.10.14"]
[EventType "team-tourn"]
[EventRounds "15"]
[EventCountry "GER"]
[SourceTitle "CBM 082"]
[Source "ChessBase"]
[SourceDate "2001.05.17"]
[SourceVersion "1"]
[SourceVersionDate "2001.05.17"]
[SourceQuality "1"]
[WhiteTeam "Neukoelln"]
[BlackTeam "Solingen"]
[WhiteTeamCountry "GER"]
[BlackTeamCountry "GER"]

1. e4 {Kortschnoj} e6 2. d4 d5 3. Nc3 Nf6 4. Bg5 Bb4 5. e5 h6 6. Bc1 {
Interesting continuation leading to complicated struggle Kortschnoj: '6.Bd2'}
Ne4 7. Qg4 g6 {Kortschnoj: 'An alternative is 7...Kf8.'} 8. Nge2 c5 9. a3 Ba5 (
9... Bxc3+ {I think that more accurate is 9...Ba5,but this move also has the
right to exist.} 10. bxc3 $5 ({Nothing special promises} 10. Nxc3 Nxc3 11. bxc3
Qa5 (11... Nc6 12. Bd3 Qa5 13. Bd2 Qa4 14. O-O c4 15. Be2 Qxc2 16. Qf4 Qf5 17.
Qe3 $14 {Bogdanovic,R-Meier,V/Bad Woerishofen 1988}) 12. Bd2 Qa4 13. c4 Nc6 14.
dxc5 Qxc2 15. Qf4 d4 16. Be2 Qf5 $13 {and black has got sufficient
counterchanses; Zolnierowicz,K-Vaisser,A/Nimes op 1991 (48)}) 10... cxd4 ({
Black can not play typical} 10... Qa5 $2 {because of} 11. f3 $1 Nxc3 12. Bd2
cxd4 13. Nxd4 $1 (13. Qxd4 Nxe2 14. Bxe2 Nc6 15. Qf4 Qc7 16. Bb5 Bd7 $13) 13...
Qc7 14. Qf4 Nd7 15. a4 $1 $16 {[%csl Rc3][%cal Gf4e3] and the knight is
trapped.}) 11. cxd4 Qc7 12. f3 Nc3 13. Bd2 Nxe2 14. Bxe2 Bd7 (14... Qxc2 $4 15.
Rc1 $18) 15. Bd3 $14 {1-0 Hector,J-Pedersen,S/Oxford 1998/CBM 69/[Finkel,A] 
(31) The opening is over and white can be pleased with what he's got:pressure
over the semy-open b-file,bishop's pair,unsafe position of black king-all
these make his chanses preferable in the forthcoming struggle.}) (9... cxd4 10.
axb4 dxc3 11. f3 $5 (11. Nxc3 Nxc3 12. bxc3 Qc7 13. Qg3 Nc6 14. Be2 Bd7 15. O-O
a5 $15 {0-1 Hamann,C-Beuchler,H/Montabaur 1994/EXT 2001 (43)}) 11... cxb2 12.
Bxb2 Qg5 13. Qxg5 Nxg5 14. h4 Nh7 15. Nd4 O-O 16. Bd3 $36 {Klavins,
J-Shagalovich,A/URS-chT 1962 (37)}) 10. b4 Nxc3 11. Nxc3 cxd4 (11... cxb4 {
'?!' Finkel,A.} 12. Nb5 b3+ 13. Bd2 Bxd2+ 14. Kxd2 Qa5+ 15. c3 Nc6 16. Qf4 Kf8
17. Bd3 Ne7 18. Qf6 Rh7 19. h4 a6 20. Nd6 Nf5 21. h5 Rg7 22. hxg6 Rxg6 23.
Qxf7# {1-0 Foerster,R-Eggenberger,U/Bad Ragaz 1992/TD (23)}) 12. Nb5 Bc7 13. f4
Nc6 14. Bd3 (14. Bb2 Bd7 15. Bd3 Bb8 16. Nxd4 Qb6 17. Nb3 a6 18. Qe2 $14 {
1-0 Sheremetieva,M-Charkova,E/ROM 1993/EXT 98 (43)}) 14... a6 15. Nxc7+ Qxc7
16. O-O {Kortschnoj: 'It is a well-known theoretical line. White has some
initiative for the sacrificed pawn.'} Bd7 17. Qh4 $1 {Strong move promising
white much better chanses.} (17. Bd2 Ne7 (17... O-O-O {Kortschnoj then} 18. a4
{was much stronger than the queen's maneouvre.}) 18. Qe2 Qb6 19. a4 {1/2-1/2
Forster,R-Quinn,M/Bratislava 1993/TD (19)}) (17. Bxg6 $2 {Kortschnoj} Rg8 $1)
17... Qd8 18. Qf2 $1 {[%csl Rd4]} Qb6 $6 (18... O-O 19. Bb2 f6 20. Qg3 (20.
Bxd4 fxe5 21. Bxe5 Nxe5 22. Qg3 $1 Nxd3 23. Qxg6+ Kh8 $11) 20... g5 21. exf6
Qxf6 22. Bc1 Qg7 $132) 19. Bb2 {Kortschnoj: 'Presumably, 19.Qh4 Qd8 would lead
to a draw. But 19.Bd2 with an idea Rb1+a3-a4 looked rather promising for white.
'} O-O-O 20. Rab1 {'?!' Kortschnoj. Kortschnoj: '20.c3 still promised a slight
edge to white.'} ({Logical} 20. c3 $1 {[%cal Gf2b6] simply winning back a pawn
would be correct way to play in this position:} Kb8 21. a4 $1 (21. cxd4 Na7 22.
Rfc1 Rc8 23. Rc5 Bb5 24. Bc2 $14) 21... Qc7 22. b5 dxc3 23. Bxc3 Na5 24. Bd4
$16 {[%cal Gd4b6,Gf1c1]}) 20... Rdf8 {'!' Kortschnoj. Kortschnoj: 'Black finds
counterplay in the centre.'} 21. Ba1 $6 ({Still} 21. c3 $1 {would be very
strong.}) 21... f6 22. exf6 Rxf6 23. b5 axb5 24. Rxb5 (24. Bxb5 e5 $1 25. Bxc6
Qxc6 26. Qd2 Rxf4 27. Rxf4 exf4 28. Bxd4 Re8 $11) 24... Qa7 {Kortschnoj: 'Now
black is ahead in development of his initiative: on 25.Rfb1 e6-e5 is following
with advantage for black.'} 25. Qh4 $2 {If the previous inaccuracy deprived
white an opening advantage, this one passes the initiative into black's hands.}
(25. Rfb1 e5 26. Rxb7 Qxb7 27. Rxb7 Kxb7 28. c4 $1 $13) 25... g5 $1 $17 {
'!' Kortschnoj. Kortschnoj: 'It leads to a forced win of black.'} 26. fxg5
Rxf1+ 27. Kxf1 (27. Bxf1 d3+ 28. Kh1 dxc2 29. Qe1 Rf8 $19) 27... Qxa3 28. Bb2
Qe7 $1 {[%cal Ge6e4,Ge7h4] The advance of e-pawn decides the game.} 29. Bc1 e5
30. Kg1 e4 31. Bf1 ({Or} 31. Be2 {Kortschnoj} d3 32. cxd3 Nd4 33. Rb2 Qc5 34.
Be3 Nf3+ 35. gxf3 Qxe3+ {winning.}) 31... e3 32. Be2 Be6 33. Rb3 (33. Bg4 Qd7
34. Bf3) 33... Bf5 34. Qf4 (34. Ra3 Kb8 35. Qf4+ Qe5 36. Qxe5+ Nxe5 37. Bb2 Nc6
38. Bd3 Bxd3 39. Rxd3 Rf8 $19) 34... Qxg5 35. Qd6 Rg8 36. g3 (36. Qxd5 {
Kortschnoj} Bxc2 37. Qe6+ Kc7 38. Qf7+ Kd6) 36... Qe7 37. Qxd5 Be6 $19 {
[%cal Ge6b3]} 0-1